[Event "IBCA EU-ch blind 06th"]
[Site "Lyon"]
[Date "2015.07.28"]
[Round "4"]
[White "Clemente Llamero, Roberto"]
[Black "Nedu, Razvan"]
[Result "1-0"]
[WhiteElo "2076"]
[BlackElo "1551"]
[PlyCount "125"]
[EventDate "2015.07.25"]
[EventType "swiss"]
[EventRounds "9"]
[EventCountry "FRA"]
[SourceTitle "CBM 167 Extra"]
[Source "ChessBase"]
[SourceDate "2015.09.14"]
[SourceVersion "1"]
[SourceVersionDate "2015.09.14"]
[SourceQuality "1"]

1. e4 c5 2. Nf3 d6 3. d4 cxd4 4. Nxd4 Nf6 5. Nc3 a6 6. g3 g6 7. Bg2 Bg7 8. 0-0 0-0 9. h3 Nbd7 10. a4 Qc7 11. Nb3 Rb8 12. Be3 b6 13. f4 Bb7 14. g4 Nc5 15. Nd2 Rfd8 16. Qe2 d5 17. exd5 Nxd5 18. Nxd5 Bxd5 19. Bxd5 Rxd5 20. c3 a5 21. Qc4 Qd6 22. Ne4 Nxe4 23. Qxe4 e6 24. Rae1 b5 25. axb5 Rdxb5 26. Bc1 h5 27. Re2 Qb6+ 28. Qe3 Qxe3+ 29. Rxe3 Rd8 30. Kf2 Bf8 31. Ke2 Bc5 32. Rd3 Bb6 33. Rxd8+ Bxd8 34. Rd1 Rd5 35. Rxd5 exd5 36. Kd3 hxg4 37. hxg4 Bf6 38. Be3 Kf8 39. b3 Ke7 40. Bb6 Kd6 41. Bxa5 Bh4 42. Bb6 f5 43. g5 Kc6 44. Bd4 Bg3 45. Ke3 Be1 46. Ke2 Bg3 47. Be3 Kb5 48. Bd2 Kc6 49. Kf3 Bh4 50. Ke3 Bg3 51. Kd4 Kd6 52. c4 dxc4 53. Kxc4 Bf2 54. Bc3 Be3 55. Be5+ Kc6 56. b4 Bd2 57. b5+ Kd7 58. b6 Kc6 59. b7 Kxb7 60. Kd5 Ba5 61. Ke6 Bc7 62. Bxc7 Kxc7 63. Kf6 1-0

[Event "IBCA EU-ch blind 06th"]
[Site "Lyon"]
[Date "2015.07.25"]
[Round "1"]
[White "Pribeanu, Mihai Dacian"]
[Black "Nedu, Razvan"]
[Result "1-0"]
[WhiteElo "2120"]
[BlackElo "1551"]
[PlyCount "46"]
[EventDate "2015.07.25"]
[EventType "swiss"]
[EventRounds "9"]
[EventCountry "FRA"]
[SourceTitle "CBM 167 Extra"]
[Source "ChessBase"]
[SourceDate "2015.09.14"]
[SourceVersion "1"]
[SourceVersionDate "2015.09.14"]
[SourceQuality "1"]

1. e4 c5 2. Nf3 d6 3. d4 cxd4 4. Nxd4 Nf6 5. Nc3 a6 6. f3 e5 7. Nb3 Be7 8. Be3 Nc6 9. Qd2 Be6 10. 0-0-0 Bxb3 11. cxb3 0-0 12. g4 Rc8 13. Kb1 b5 14. g5 Nh5 15. Bh3 Rb8 16. Nd5 Re8 17. Nxe7+ Nxe7 18. Qxd6 Ng6 19. Qc6 Qe7 20. Rd7 Qf8 21. Bc5 Rec8 22. Rc7 Rxc7 23. Qxc7 Qd8 1-0